000 00884nam a2200205Ia 4500
008 000000[1970] pr ad 0000000000mul00
090 _aPPR00 P82p
245 1 0 _aPuerto Rico
_b: la nueva vida ; a Collection of works by Puerto Rican Artists.
300 _a[12] p.
_c/ 20 cm.
500 _aProyecto Ganador Programa Apoyos Concertados FGAA 2010
505 _aARTISTAS : Rafael Tufiño Myrna Baez Antonio Martorell Lorenzo Homar FeliX Rodríguez Baez Carlos Osorio Augusto Marin Manuel Hernández Acevedo José R. Oliver
650 1 4 _aACUARELA
650 1 4 _aARTE CONTEMPORANEO PUERTORRIQUEÑO
650 1 4 _aARTISTAS PLASTICOS PUERTORRIQUEÑOS
650 1 4 _xCATALOGOS
650 1 4 _aPINTURA ACRILICA (ARTE)
650 1 4 _aPINTURA AL OLEO
650 1 4 _aPINTURA PUERTORRIQUEÑA
999 _c12331
_d12331
260 _aSan Juan (Puerto Rico) : Housing Investment Corporaion
_c1970